| 000 | 00370nam a2200145Ia 4500 | ||
|---|---|---|---|
| 008 | 230312s9999||||xx |||||||||||||| ||und|| | ||
| 020 | _a9781284055955 | ||
| 082 |
_a005.8 _bGIB-M |
||
| 100 | _aMann,Justin | ||
| 245 | 4 | _aThe IT as a Service (ITaaS) Framework | |
| 260 |
_bJones _aUSA _c2015 |
||
| 300 | _a462 | ||
| 650 |
_aComputer _vElectronic Information |
||
| 942 | _cBK | ||
| 999 |
_c16937 _d16937 |
||